| 000 | 00669cam a2200253 4500 | ||
|---|---|---|---|
| 008 | 090401t1999 xxu||||| |||| 00| 0 eng d | ||
| 020 | _a0727727451 | ||
| 035 | _a(Sirsi) u99908 | ||
| 041 | _aeng | ||
| 050 | _a658.99 | ||
| 100 | _aCornick, Tim | ||
| 245 | _aConstruction project teams : making them work profitiably. | ||
| 260 |
_aLondon _bThomas Telford _c1999 |
||
| 300 | _ax, 222p. ; 24cm. | ||
| 350 | _a35.00 | ||
| 650 | _aTEAMWORK | ||
| 650 | _aPROJECT TEAMS | ||
| 650 | _aPRODUCTIVITY | ||
| 650 | _aMANAGEMENT-PROJECT MANAGEMENT | ||
| 690 | _aBUILDING AND CONSTRUCTION-PROJECTS | ||
| 700 | _aMather, James | ||
| 942 | _n0 | ||
| 948 | _c20/05/1999 | ||
| 999 |
_c99518 _d99518 |
||